000 00576nam a2200229Ia 4500
003 0100
008 130303s9999 xx 000 0 und d
020 _a9966213872
040 _cARRUPELIB
050 _aBJ1201.B84 1990
100 _aBujo, Benezet
245 _aAfrican Christian morality at the age of inculturation
260 _aNairobi
260 _bPaulines Publications Africa
260 _C1990
300 _a136p.
300 _b 23cm.
440 _aChristian Leadership in Africa
650 _aETHICS
650 _bDonald Davidson, 1917
942 0 0 _01
999 _c20506
_d20506